000 00910nam a2200325Ia 4500
001 12844
003 IT-RoPAU
008 130308s9999 xx 000 0 und d
040 _aIT-RoPAU
040 _cIT-RoPAU
041 _aITALIANO
100 _aAncona Leonardo
100 _gCodice Aut. SPICS: 9913
245 _aDinamica psichica e dinamismo cinematografico
245 _bPsicologia delle comunicazioni di Massa
250 _a1a ed.
260 _aITALIA
260 _bUniversita' Di Padova
260 _c1974 [1° Ed.:1974 - Ed.Ling.Originale:1967]
300 _a"15 p. (prefazione: no ; testo: 15 [pagine: 54-68])"
500 _aMetodologie delle ricerche e Risultati
650 _aSAGGI DI PSICOLOGIA
650 _eCodice materia Spics: 3607
700 _aCroce Maria Angela
700 _gCodice Aut. SPICS: 7694
942 _cBK
957 _71
999 _c42339
_d42339
999 _bSI
999 _g1